[Event "Ravenna Lido Adriano op 1st"]
[Site "Ravenna"]
[Date "2011.04.02"]
[Round "1"]
[White "Memarian, Milad"]
[Black "Delchev, Aleksander"]
[Result "0-1"]
[WhiteElo "2028"]
[BlackElo "2625"]
[PlyCount "42"]
[EventDate "2011.04.02"]
[EventType "swiss"]
[EventRounds "9"]
[EventCountry "ITA"]
[SourceTitle "EXT 2012"]
[Source "ChessBase"]
[SourceDate "2011.11.24"]
[SourceVersion "1"]
[SourceVersionDate "2011.11.24"]
[SourceQuality "1"]

1. e4 e5 2. Nf3 Nc6 3. Nc3 Nf6 4. g3 Bc5 5. Bg2 d6 6. 0-0 a6 7. d3 Be6 8. Be3 Bxe3 9. fxe3 Ne7 10. d4 Ng6 11. a4 0-0 12. Qe2 c6 13. a5 Qc7 14. Rfd1 Rad8 15. h3 d5 16. exd5 Bxd5 17. e4 Be6 18. Qf2 exd4 19. Nxd4 Qe5 20. b4 Bc4 21. Ra3 Rd7 0-1

[Event "Gibraltar Masters 9th"]
[Site "Caleta"]
[Date "2011.02.03"]
[Round "10"]
[White "Memarian, Milad"]
[Black "Boesch, Heinz"]
[Result "1/2-1/2"]
[WhiteElo "2028"]
[BlackElo "1899"]
[PlyCount "62"]
[EventDate "2011.01.25"]
[EventType "swiss"]
[EventRounds "10"]
[EventCountry "GGB"]
[SourceTitle "CBM 141"]
[Source "ChessBase"]
[SourceDate "2011.03.17"]
[SourceVersion "1"]
[SourceVersionDate "2011.03.17"]
[SourceQuality "1"]

1. Nf3 Nf6 2. c4 c5 3. d4 cxd4 4. Nxd4 Nc6 5. Nc3 g6 6. e4 Bg7 7. Be3 0-0 8. Be2 d6 9. f3 Nxd4 10. Bxd4 b6 11. Qd2 Be6 12. 0-0 Nd7 13. Bxg7 Kxg7 14. Qd4+ Kg8 15. b4 Rc8 16. Rac1 Ne5 17. Nd5 Bxd5 18. cxd5 h5 19. Ba6 Rc7 20. Qd2 Rxc1 21. Rxc1 Qd7 22. Qc2 e6 23. Bc8 Qe7 24. f4 Ng4 25. dxe6 fxe6 26. e5 Rf5 27. Qb3 Rxf4 28. Bxe6+ Kh7 29. Bxg4 Rxg4 30. h3 Re4 31. exd6 Qxd6 1/2-1/2

[Event "Gibraltar Masters 9th"]
[Site "Caleta"]
[Date "2011.02.02"]
[Round "9"]
[White "Sanchez, Louis"]
[Black "Memarian, Milad"]
[Result "1-0"]
[WhiteElo "2262"]
[BlackElo "2028"]
[PlyCount "49"]
[EventDate "2011.01.25"]
[EventType "swiss"]
[EventRounds "10"]
[EventCountry "GGB"]
[SourceTitle "CBM 141"]
[Source "ChessBase"]
[SourceDate "2011.03.17"]
[SourceVersion "1"]
[SourceVersionDate "2011.03.17"]
[SourceQuality "1"]

1. b3 e5 2. Bb2 Nc6 3. e3 g6 4. f4 d6 5. Nf3 Bg7 6. Bc4 Nge7 7. 0-0 0-0 8. fxe5 Bg4 9. h3 Bxf3 10. Qxf3 d5 11. Bd3 Nxe5 12. Bxe5 Bxe5 13. Nc3 c6 14. a4 Qc7 15. a5 b5 16. axb6 axb6 17. Rxa8 Rxa8 18. Qxf7+ Kh8 19. Ne2 Bg7 20. Nf4 Qe5 21. Ne6 Ng8 22. Qb7 Ra1 23. Nd8 Rxf1+ 24. Bxf1 Nh6 25. Nf7+ 1-0

[Event "Gibraltar Masters 9th"]
[Site "Caleta"]
[Date "2011.01.25"]
[Round "1"]
[White "Stene, Vegard"]
[Black "Memarian, Milad"]
[Result "1/2-1/2"]
[WhiteElo "1608"]
[BlackElo "2028"]
[PlyCount "97"]
[EventDate "2011.01.25"]
[EventType "swiss"]
[EventRounds "10"]
[EventCountry "GGB"]
[SourceTitle "CBM 141"]
[Source "ChessBase"]
[SourceDate "2011.03.17"]
[SourceVersion "1"]
[SourceVersionDate "2011.03.17"]
[SourceQuality "1"]

1. d4 c5 2. d5 g6 3. c4 b5 4. e4 bxc4 5. Bxc4 d6 6. Bd2 Bg7 7. Bc3 Nf6 8. Bb5+ Bd7 9. Bxd7+ Nbxd7 10. Nd2 0-0 11. f3 e6 12. Nc4 Nb6 13. Ne3 Bh6 14. Bxf6 Qxf6 15. Ng4 Qg7 16. Nxh6+ Qxh6 17. dxe6 fxe6 18. Qxd6 Rfe8 19. Qd2 Qg7 20. Qc3 Qxc3+ 21. bxc3 Na4 22. Ne2 Rab8 23. Kf2 Rb2 24. c4 Nc3 25. Rhe1 Rd8 26. Ke3 Nxa2 27. Nc1 Nxc1 28. Rexc1 Rd7 29. Ra5 Rc7 30. Rg1 e5 31. Rb5 Ra2 32. Rb8+ Kf7 33. Rd1 Rc2 34. Ra1 Rxc4 35. Ra8 Kf6 36. R8xa7 Rxa7 37. Rxa7 Rc2 38. Kd3 Rxg2 39. Rxh7 Ke6 40. h4 Rf2 41. Ke3 Rh2 42. Rc7 Rc2 43. Rc6+ Kf7 44. Kd3 Rf2 45. Rxc5 Rxf3+ 46. Ke2 Rf4 47. Rxe5 Rxh4 48. Kf3 Kf6 49. Ra5 1/2-1/2

[Event "Milan Crespi op-B 30th"]
[Site "Milan"]
[Date "2009.12.08"]
[Round "7"]
[White "Quagliarella, Sabino Remo"]
[Black "Memarian, Milad"]
[Result "1/2-1/2"]
[WhiteElo "1886"]
[BlackElo "1962"]
[PlyCount "41"]
[EventDate "2009.12.04"]
[EventType "swiss"]
[EventRounds "7"]
[EventCountry "ITA"]
[SourceTitle "EXT 2012"]
[Source "ChessBase"]
[SourceDate "2011.11.24"]
[SourceVersion "1"]
[SourceVersionDate "2011.11.24"]
[SourceQuality "1"]

1. d4 e6 2. Nf3 d5 3. Bf4 c6 4. e3 Bd6 5. Ne5 Nf6 6. Be2 Qc7 7. Nd2 Nbd7 8. Nd3 Bxf4 9. Nxf4 0-0 10. 0-0 e5 11. dxe5 Nxe5 12. Nd3 Re8 13. Nxe5 Qxe5 14. c3 Bd7 15. Bf3 Rad8 16. Qa4 Ne4 17. Rad1 g5 18. Qd4 f5 19. Bxe4 Qxd4 20. exd4 fxe4 21. Rde1 1/2-1/2

[Event "Milan Crespi op-B 30th"]
[Site "Milan"]
[Date "2009.12.07"]
[Round "5"]
[White "Pepe, Mario"]
[Black "Memarian, Milad"]
[Result "0-1"]
[WhiteElo "2039"]
[BlackElo "1962"]
[PlyCount "122"]
[EventDate "2009.12.04"]
[EventType "swiss"]
[EventRounds "7"]
[EventCountry "ITA"]
[SourceTitle "EXT 2012"]
[Source "ChessBase"]
[SourceDate "2011.11.24"]
[SourceVersion "1"]
[SourceVersionDate "2011.11.24"]
[SourceQuality "1"]

1. e4 c5 2. Nf3 e6 3. d4 cxd4 4. Nxd4 a6 5. Be3 Nf6 6. Nd2 Qc7 7. Bd3 Nc6 8. c3 d5 9. f3 Bd6 10. g3 Ne5 11. Bc2 dxe4 12. Bxe4 Nxe4 13. Nxe4 Be7 14. Bf4 f5 15. Ng5 Bxg5 16. Bxg5 Nf7 17. Bd2 e5 18. Qe2 0-0 19. Nc2 Be6 20. b3 b5 21. 0-0 Rae8 22. Rac1 f4 23. Rfe1 Qc5+ 24. Kg2 Ng5 25. c4 Nxf3 26. Qxf3 fxg3 27. Qxg3 Qc6+ 28. Kg1 Rf6 29. Rxe5 h6 30. Rf1 Rxf1+ 31. Kxf1 Qh1+ 32. Ke2 bxc4 33. Ne3 cxb3 34. axb3 Qc6 35. Nc4 Bxc4+ 36. bxc4 Qxc4+ 37. Kd1 Rb8 38. Qe3 Rb1+ 39. Bc1 Rxc1+ 40. Qxc1 Qd4+ 41. Qd2 Qxe5 42. Qa2+ Kf8 43. Qxa6 Qxh2 44. Qc8+ Ke7 45. Qb7+ Kf6 46. Qc6+ Kf5 47. Qd7+ Kf6 48. Qd8+ Kg6 49. Qe8+ Kf5 50. Qf7+ Ke4 51. Qb7+ Kd3 52. Qd7+ Kc4 53. Qf7+ Kc5 54. Qa7+ Kc4 55. Qf7+ Kb4 56. Qe7+ Ka4 57. Qd7+ Kb4 58. Qe7+ Kc4 59. Qf7+ Kd4 60. Qxg7+ Ke4 61. Qh7+ Kf3 0-1

[Event "Milan Crespi op-B 30th"]
[Site "Milan"]
[Date "2009.12.04"]
[Round "1"]
[White "Chiesa, Matteo"]
[Black "Memarian, Milad"]
[Result "0-1"]
[WhiteElo "1839"]
[BlackElo "1962"]
[PlyCount "72"]
[EventDate "2009.12.04"]
[EventType "swiss"]
[EventRounds "7"]
[EventCountry "ITA"]
[SourceTitle "EXT 2012"]
[Source "ChessBase"]
[SourceDate "2011.11.24"]
[SourceVersion "1"]
[SourceVersionDate "2011.11.24"]
[SourceQuality "1"]

1. d4 Nf6 2. c4 c5 3. d5 b5 4. cxb5 a6 5. bxa6 Bxa6 6. Nc3 g6 7. g3 d6 8. Bg2 Bg7 9. Nf3 0-0 10. 0-0 Nbd7 11. Re1 Ng4 12. Bf4 Qa5 13. Bd2 Rfb8 14. Qc2 Qb6 15. Rab1 Bb7 16. h3 Nge5 17. b3 Bc8 18. Ng5 h6 19. Nge4 f5 20. Na4 Qa7 21. Nec3 Ba6 22. g4 fxg4 23. hxg4 Nxg4 24. Qxg6 Nde5 25. Qh5 c4 26. Ne4 Rf8 27. Qh4 cxb3 28. axb3 Rf7 29. Nac3 Raf8 30. Rf1 Bc8 31. Qg3 Ng6 32. Nd1 Be5 33. Qd3 Ba6 34. Qh3 Bxe2 35. Bxh6 Rh7 36. Ng5 Rxh6 0-1